<?xml version="1.0" encoding="UTF-8"?>
<record
    xmlns:xsi="http://www.w3.org/2001/XMLSchema-instance"
    xsi:schemaLocation="http://www.loc.gov/MARC21/slim http://www.loc.gov/standards/marcxml/schema/MARC21slim.xsd"
    xmlns="http://www.loc.gov/MARC21/slim">

  <leader>01607cam a22002533a 4500</leader>
  <controlfield tag="001">2435</controlfield>
  <controlfield tag="003">PGUSA</controlfield>
  <controlfield tag="005">20140828083014.0</controlfield>
  <controlfield tag="008">001201s2000||||xxu|||||s|||||000 | eng d</controlfield>
  <datafield tag="040" ind1=" " ind2=" ">
    <subfield code="a">PGUSA</subfield>
    <subfield code="b">eng</subfield>
  </datafield>
  <datafield tag="042" ind1=" " ind2=" ">
    <subfield code="a">dc</subfield>
  </datafield>
  <datafield tag="050" ind1=" " ind2="4">
    <subfield code="a">PZ</subfield>
  </datafield>
  <datafield tag="100" ind1="1" ind2=" ">
    <subfield code="a">Lang, Andrew,</subfield>
    <subfield code="d">1844-1912</subfield>
  </datafield>
  <datafield tag="245" ind1="1" ind2="4">
    <subfield code="a">The Crimson Fairy Book</subfield>
    <subfield code="h">[electronic resource] /</subfield>
    <subfield code="c">Andrew Lang</subfield>
  </datafield>
  <datafield tag="260" ind1=" " ind2=" ">
    <subfield code="b">Project Gutenberg,</subfield>
    <subfield code="c">2000</subfield>
  </datafield>
  <datafield tag="505" ind1="0" ind2=" ">
    <subfield code="a">Lovely Ilonka -- Lucky Luck -- The Hairy Man -- To your Good Health! -- The Story of the Seven Simons -- The Language of Beasts -- The Boy who could keep a Secret -- The Prince and the Dragon -- Little Wildrose -- Tiidu the Piper -- Paperarello -- The Gifts of the Magician -- The Strong Prince -- The Treasure Seeker -- The Cottager and his Cat -- The Prince who would seek Immortality -- The Stone-cutter -- The Gold-bearded Man -- Tritill, Litill, and the Birds -- The Three Robes -- The Six Hungry Beasts -- How the Beggar Boy turned into Count Piro -- The Rogue and the Herdsman -- Eisenkopf -- The Death of Abu Nowas and of his Wife -- Motikatika -- Niels and the Giants -- Shepherd Paul -- How the wicked Tanuki was punished -- The Crab and the Monkey -- The Horse Gullfaxi and the Sword Gunnfoder -- The Story of the Sham Prince, or the Ambitious Tailor -- The Colony of Cats -- How to find out a True Friend -- Clever Maria -- The Magic Kettle.</subfield>
  </datafield>
  <datafield tag="506" ind1=" " ind2=" ">
    <subfield code="a">Public domain in the USA.</subfield>
  </datafield>
  <datafield tag="516" ind1=" " ind2=" ">
    <subfield code="a">Electronic text</subfield>
  </datafield>
  <datafield tag="653" ind1=" " ind2=" ">
    <subfield code="a">Folklore</subfield>
  </datafield>
  <datafield tag="653" ind1=" " ind2=" ">
    <subfield code="a">Fairy tales</subfield>
  </datafield>
  <datafield tag="830" ind1=" " ind2="0">
    <subfield code="a">Project Gutenberg</subfield>
    <subfield code="v">2435</subfield>
  </datafield>
  <datafield tag="856" ind1="4" ind2="0">
    <subfield code="u">http://www.gutenberg.org/ebooks/2435</subfield>
  </datafield>
  <datafield tag="942" ind1=" " ind2=" ">
    <subfield code="c">EB</subfield>
  </datafield>
  <datafield tag="999" ind1=" " ind2=" ">
    <subfield code="c">231772</subfield>
    <subfield code="d">231772</subfield>
  </datafield>
  <datafield tag="952" ind1=" " ind2=" ">
    <subfield code="0">0</subfield>
    <subfield code="1">0</subfield>
    <subfield code="4">0</subfield>
    <subfield code="a">GTB</subfield>
    <subfield code="b">GTB</subfield>
    <subfield code="d">2014-08-28</subfield>
    <subfield code="l">0</subfield>
    <subfield code="r">2014-08-28 00:00:00</subfield>
    <subfield code="w">2014-08-28</subfield>
    <subfield code="y">EB</subfield>
  </datafield>
</record>
